|
|
|
|
| LEADER |
00000nam0a2200000 4500 |
| 001 |
193467 |
| 005 |
20231101224505.0 |
| 010 |
|
|
|a 9785392014101
|
| 035 |
|
|
|a (RuTPU)RU\TPU\book\211001
|
| 090 |
|
|
|a 193467
|
| 100 |
|
|
|a 20110323d2011 m y0rusy50 ca
|
| 101 |
0 |
|
|a rus
|
| 102 |
|
|
|a RU
|
| 105 |
|
|
|a a j 001zy
|
| 200 |
1 |
|
|a Информационные технологии
|e учебное пособие для вузов
|f И. А. Коноплева, О. А. Хохлова, А. В. Денисов
|
| 205 |
|
|
|a 2-е изд., перераб. и доп.
|
| 210 |
|
|
|a Москва
|c Проспект
|d 2011
|
| 215 |
|
|
|a 328 с.
|c ил.
|
| 320 |
|
|
|a Библиогр.: с. 324-327.
|
| 330 |
|
|
|a Учебное пособие охватывает широкий круг вопросов, связанных с организацией и внедрением информационных технологий на экономическом объекте. Особое внимание уделено технологическому процессу обработки информации, функционированию сетевых информационных технологий, защите информации, платформе, открытым системам и др. Материал основан на отечественном и зарубежном опыте. Приведены практические примеры, даны необходимые рекомендации. Для студентов, обучающихся по специальностям информационно-экономического направления, специалистов-информатиков, работающих в различных отраслях экономики, а также широкого круга читателей.
|
| 606 |
1 |
|
|a Информационные технологии
|x Применение в экономике
|2 stltpush
|3 (RuTPU)RU\TPU\subj\80751
|9 88352
|
| 610 |
1 |
|
|a экономическая информация
|
| 610 |
1 |
|
|a информационные технологии
|
| 610 |
1 |
|
|a операционные системы
|
| 610 |
1 |
|
|a технологические процессы
|
| 610 |
1 |
|
|a обработка информации
|
| 610 |
1 |
|
|a электронный офис
|
| 610 |
1 |
|
|a графические изображения
|
| 610 |
1 |
|
|a автоматизированные рабочие места
|
| 610 |
1 |
|
|a открытые системы
|
| 610 |
1 |
|
|a корпоративные сети
|
| 610 |
1 |
|
|a глобальные сети
|
| 610 |
1 |
|
|a электронная почта
|
| 610 |
1 |
|
|a мультимедиа
|
| 610 |
1 |
|
|a информационная безопасность
|
| 610 |
1 |
|
|a управление
|
| 610 |
1 |
|
|a проекты
|
| 610 |
1 |
|
|a учебные пособия
|
| 686 |
|
|
|a Ув6с51я73
|v LBC/SL-A
|2 rubbk
|
| 700 |
|
1 |
|a Коноплева
|b И. А.
|g Ирина Аполлоновна
|
| 701 |
|
1 |
|a Хохлова
|b О. А.
|g Ольга Александровна
|
| 701 |
|
1 |
|a Денисов
|b А. В.
|g Алексей Валерьевич
|
| 801 |
|
1 |
|a RU
|b 63413507
|c 20110323
|
| 801 |
|
2 |
|a RU
|b 63413507
|c 20220823
|g RCR
|
| 900 |
|
|
|a Информационные технологии
|
| 942 |
|
|
|c BK
|
| 952 |
|
|
|b 230700
|
| 959 |
|
|
|a 32/20110323
|d 1
|e 150,00
|f ЧЗТЛ:1
|